Conference Proceedings of the 6th International Conference on the Economics of Decoupling (ICED) Zagreb, 2-3 December 2024
Saved in:
| Corporate Author: | |
|---|---|
| Format: | Book |
| Language: | English Croatian |
| Published: |
Zagreb
Croatian Academy of Sciences and Arts
2025
|
| Edition: | 1st Edition |
| Subjects: | |
| Tags: |
No Tags, Be the first to tag this record!
|
MARC
| LEADER | 00000nlm a2200000 4500 | ||
|---|---|---|---|
| 001 | 0311467 | ||
| 005 | 20250707082930.9 | ||
| 022 | |a 2706-3801 | ||
| 022 | |a 2718-3092 | ||
| 041 | 0 | |a eng | |
| 041 | 0 | |a hrv | |
| 044 | |a HR | ||
| 245 | 1 | 0 | |a Conference Proceedings of the 6th International Conference on the Economics of Decoupling (ICED) |b Zagreb, 2-3 December 2024 |
| 250 | |a 1st Edition | ||
| 264 | 1 | |a Zagreb |b Croatian Academy of Sciences and Arts |c 2025 | |
| 300 | |a 890 s. | ||
| 610 | 2 | 0 | |a rast hospodársky |
| 610 | 2 | 0 | |a rozvoj trvalo udržateľný |
| 610 | 2 | 0 | |a energetika |
| 610 | 2 | 0 | |a politika environmentálna |
| 610 | 2 | 0 | |a vodohospodárstvo |
| 610 | 2 | 0 | |a hospodárstvo odpadové |
| 610 | 2 | 0 | |a ekonomika digitálna |
| 610 | 2 | 0 | |a inteligencia umelá |
| 110 | 2 | |a International Conference on the Economics of the Decoupling | |